[Event "Vienna op-B 14th"]
[Site "Vienna"]
[Date "2003.08.17"]
[Round "2"]
[White "Tankosic, Matthias"]
[Black "Stanley, Mario"]
[Result "1/2-1/2"]
[WhiteElo "1786"]
[BlackElo "1937"]
[PlyCount "120"]
[EventDate "2003.08.16"]
[EventType "swiss"]
[EventRounds "9"]
[EventCountry "AUT"]
[SourceTitle "CBM 095 Extra"]
[Source "ChessBase"]
[SourceDate "2003.09.04"]
[SourceVersion "1"]
[SourceVersionDate "2003.09.04"]
[SourceQuality "1"]

1. e4 c5 2. Nf3 Nc6 3. d4 cxd4 4. Nxd4 e5 5. Nb5 d6 6. N1c3 Nf6 7. Bg5 a6 8. Na3 Be7 9. Bd3 b5 10. Nd5 Nxd5 11. exd5 Bxg5 12. dxc6 0-0 13. Be4 Ra7 14. c4 Qa5+ 15. Kf1 b4 16. Nc2 Be7 17. Qd2 Be6 18. Ne3 Qc5 19. b3 a5 20. Nd5 Bd8 21. Qe3 f5 22. Qxc5 dxc5 23. Bc2 Rff7 24. Re1 e4 25. g4 g6 26. gxf5 gxf5 27. Rg1+ Kf8 28. Re3 Bxd5 29. cxd5 Bc7 30. Rh3 Ra8 31. Ke2 Rd8 32. Rd1 Kg7 33. Rg1+ Kh8 34. Rd1 Rf6 35. f3 exf3+ 36. Kxf3 Rfd6 37. Bxf5 h6 38. Ke2 Re8+ 39. Re3 Rxe3+ 40. Kxe3 Kg7 41. Be6 Rd8 42. h3 Kf6 43. Rf1+ Ke5 44. Rf5+ Kd6 45. Rf6 h5 46. Rf2 c4 47. Rg2 cxb3 48. axb3 a4 49. bxa4 b3 50. Rb2 Rb8 51. Kd4 Ba5 52. Kc4 Rb4+ 53. Kd3 h4 54. Kc3 Rxa4+ 55. Kxb3 Rb4+ 56. Ka3 Rxb2 57. Kxb2 Be1 58. Kb3 Bg3 59. Kc4 Kc7 60. Kd4 Bd6 1/2-1/2